[Event "Madrid San Viator op 19th"]
[Site "Madrid"]
[Date "2012.10.21"]
[Round "5"]
[White "Cabanas Bravo, Juan Andres"]
[Black "Sanchez Lopez, Maria"]
[Result "1/2-1/2"]
[WhiteElo "2070"]
[BlackElo "1873"]
[PlyCount "153"]
[EventDate "2012.09.23"]
[EventType "swiss"]
[EventRounds "9"]
[EventCountry "ESP"]
[SourceTitle "EXT 2013"]
[Source "ChessBase"]
[SourceDate "2012.11.22"]
[SourceVersion "1"]
[SourceVersionDate "2012.11.22"]
[SourceQuality "1"]

1. e4 e6 2. d4 d5 3. Nc3 Nf6 4. Bg5 Bb4 5. e5 h6 6. exf6 hxg5 7. fxg7 Rg8 8. h4 gxh4 9. Qg4 Qf6 10. Rxh4 Rxg7 11. Rh8+ Ke7 12. Qh3 Nd7 13. 0-0-0 Qxf2 14. Nge2 c6 15. a3 Bd6 16. Na2 Nf8 17. Qb3 Ng6 18. Rh3 Nf4 19. Nxf4 Bxf4+ 20. Kb1 Rg3 21. c3 Rxh3 22. gxh3 Bd6 23. Nc1 f6 24. c4 b6 25. cxd5 cxd5 26. Bb5 Bb7 27. Qd3 Rh8 28. Qg6 Qf5+ 29. Qxf5 exf5 30. Re1+ Kf7 31. Re3 f4 32. Rf3 Bc8 33. Bf1 Bf5+ 34. Nd3 Be4 35. Rf2 f3 36. Ka2 Bxd3 37. Bxd3 Rxh3 38. Kb3 Bf4 39. Bf5 Rg3 40. Kc3 Be3 41. Rf1 f2 42. Kd3 Bc1+ 43. Kc2 Be3 44. Kd3 Bc1+ 45. Kc2 Be3 46. Kd3 Rg1 47. Bh3 Rxf1 48. Bxf1 Bc1 49. Kc2 Bg5 50. Kd3 Ke6 51. Bh3+ f5 52. b3 Kf6 53. a4 Ke6 54. Ke2 Bf6 55. Ke3 Kd6 56. Kxf2 Bxd4+ 57. Ke2 f4 58. Kd3 Kc5 59. Bg2 Be3 60. Bf3 d4 61. Be4 Kb4 62. Kc2 b5 63. axb5 Kxb5 64. Kd3 Kb4 65. Kc2 Kc5 66. Kd3 a5 67. Kc2 Kd6 68. Kd3 Ke5 69. Bg2 Kf5 70. Bf3 Kg5 71. Ke4 Kh4 72. Bd1 Kg3 73. Be2 Kf2 74. Bh5 f3 75. Bxf3 d3 76. Bh5 d2 77. Kd3 1/2-1/2

[Event "Madrid Oliver Gonzalez Memorial-B 3rd"]
[Site "Madrid"]
[Date "2012.09.08"]
[Round "8"]
[White "Plazuelo Pascual, Juan"]
[Black "Sanchez Lopez, Maria"]
[Result "1-0"]
[WhiteElo "1721"]
[BlackElo "1873"]
[PlyCount "49"]
[EventDate "2012.09.01"]
[EventType "swiss"]
[EventRounds "9"]
[EventCountry "ESP"]
[SourceTitle "CBM 150 Extra"]
[Source "ChessBase"]
[SourceDate "2012.10.19"]
[SourceVersion "1"]
[SourceVersionDate "2012.10.19"]
[SourceQuality "1"]

1. e4 e6 2. d4 d5 3. Nc3 Nf6 4. Bg5 Bb4 5. e5 h6 6. Bd2 Bxc3 7. bxc3 Ne4 8. Qg4 Kf8 9. Bd3 Nxd2 10. Kxd2 c5 11. Nf3 c4 12. Be2 Nc6 13. h4 Qa5 14. h5 b5 15. a3 Bd7 16. Qf4 Kg8 17. g4 Ne7 18. Nh4 Qd8 19. Rag1 Rh7 20. g5 hxg5 21. Rxg5 Qf8 22. Rhg1 Be8 23. Qf6 Kh8 24. Rxg7 Rxg7 25. h6 1-0

[Event "Madrid Oliver Gonzalez Memorial-B 3rd"]
[Site "Madrid"]
[Date "2012.09.07"]
[Round "7"]
[White "Sanchez Lopez, Maria"]
[Black "Rojas Pozo, Jose Luis"]
[Result "0-1"]
[WhiteElo "1873"]
[BlackElo "1963"]
[PlyCount "86"]
[EventDate "2012.09.01"]
[EventType "swiss"]
[EventRounds "9"]
[EventCountry "ESP"]
[SourceTitle "CBM 150 Extra"]
[Source "ChessBase"]
[SourceDate "2012.10.19"]
[SourceVersion "1"]
[SourceVersionDate "2012.10.19"]
[SourceQuality "1"]

1. d4 d5 2. c4 e5 3. dxe5 d4 4. Nf3 Nc6 5. Nbd2 Bg4 6. h3 Bxf3 7. Nxf3 Bb4+ 8. Bd2 Qe7 9. a3 Bxd2+ 10. Qxd2 0-0-0 11. Qf4 f6 12. exf6 Nxf6 13. Rd1 Qc5 14. Rc1 a5 15. g3 Rhe8 16. Bg2 d3 17. Bf1 Ne4 18. e3 d2+ 19. Nxd2 Nxd2 20. Bg2 Kb8 21. Rd1 Nxc4 22. 0-0 Nd2 23. Rc1 Qe5 24. Qxe5 Nxe5 25. Rfd1 Ndf3+ 26. Kf1 Nd2+ 27. Ke2 Nb3 28. Rb1 a4 29. Rxd8+ Rxd8 30. Rd1 Rxd1 31. Kxd1 c6 32. Be4 h6 33. f4 Nc4 34. Ke2 Nxb2 35. Bb1 Nc4 36. e4 Nxa3 37. Bd3 Nc1+ 38. Ke3 Nxd3 39. Kxd3 Nb5 40. e5 Kc7 41. f5 a3 42. f6 gxf6 43. exf6 Kd6 0-1

[Event "Madrid Oliver Gonzalez Memorial-B 3rd"]
[Site "Madrid"]
[Date "2012.09.06"]
[Round "6"]
[White "Alonso Aranzabal, Inigo"]
[Black "Sanchez Lopez, Maria"]
[Result "0-1"]
[WhiteElo "1976"]
[BlackElo "1873"]
[PlyCount "66"]
[EventDate "2012.09.01"]
[EventType "swiss"]
[EventRounds "9"]
[EventCountry "ESP"]
[SourceTitle "CBM 150 Extra"]
[Source "ChessBase"]
[SourceDate "2012.10.19"]
[SourceVersion "1"]
[SourceVersionDate "2012.10.19"]
[SourceQuality "1"]

1. e4 e6 2. d4 d5 3. e5 c5 4. c3 Nc6 5. Nf3 Bd7 6. Be2 Qb6 7. a3 c4 8. Nbd2 Na5 9. 0-0 Ne7 10. Rb1 Nf5 11. Re1 Be7 12. Qc2 0-0-0 13. Nf1 h6 14. Ne3 Nh4 15. Nxh4 Bxh4 16. g3 Be7 17. f4 g5 18. f5 f6 19. exf6 Bxf6 20. fxe6 Bxe6 21. Bg4 Rhe8 22. Bd2 Nc6 23. Nxc4 dxc4 24. Bxe6+ Kb8 25. Bxc4 Nxd4 26. cxd4 Bxd4+ 27. Kg2 Qc6+ 28. Kh3 Qd7+ 29. g4 Qc6 30. Rf1 Rf8 31. Qd3 Bf2 32. Rxf2 Rxd3+ 33. Bxd3 Rxf2 0-1

[Event "Madrid San Viator op 18th"]
[Site "Madrid"]
[Date "2012.03.25"]
[Round "1"]
[White "Sanchez Lopez, Maria"]
[Black "Villarroya Samaniego, Javier"]
[Result "1-0"]
[WhiteElo "1799"]
[BlackElo "1505"]
[PlyCount "55"]
[EventDate "2012.03.25"]
[EventType "swiss"]
[EventRounds "9"]
[EventCountry "ESP"]
[SourceTitle "EXT 2013"]
[Source "ChessBase"]
[SourceDate "2012.11.22"]
[SourceVersion "1"]
[SourceVersionDate "2012.11.22"]
[SourceQuality "1"]

1. d4 Nf6 2. c4 g6 3. Nc3 Bg7 4. e4 d6 5. Nf3 0-0 6. Be2 Nbd7 7. 0-0 e5 8. d5 b6 9. Ne1 a5 10. Bg5 Ba6 11. a3 Qb8 12. b4 axb4 13. axb4 Bb7 14. Nd3 Rxa1 15. Qxa1 Qa8 16. Qb2 Ba6 17. Ra1 Qb7 18. b5 Bxb5 19. cxb5 Rb8 20. Nb4 Nc5 21. f3 Re8 22. Na4 Nxa4 23. Rxa4 Ra8 24. Ra6 Nd7 25. Qa2 Rf8 26. Ra7 Qc8 27. Na6 f6 28. Be3 1-0

[Event "Madrid Oliver Gonzalez Memorial 2nd"]
[Site "Madrid"]
[Date "2011.10.16"]
[Round "9"]
[White "Sanchez Lopez, Maria"]
[Black "Garcia Serrano, Jose Manuel1111"]
[Result "1-0"]
[WhiteElo "1711"]
[BlackElo "1898"]
[PlyCount "59"]
[EventDate "2011.10.08"]
[EventType "swiss"]
[EventRounds "9"]
[EventCountry "ESP"]
[SourceTitle "CBM 144 Extra"]
[Source "ChessBase"]
[SourceDate "2011.10.28"]
[SourceVersion "1"]
[SourceVersionDate "2011.10.28"]
[SourceQuality "1"]

1. d4 d5 2. c4 e6 3. Nc3 Nf6 4. cxd5 exd5 5. Bg5 Nbd7 6. e3 Be7 7. Bd3 0-0 8. Nf3 b6 9. 0-0 Bb7 10. Qc2 Ne4 11. Bf4 Ndf6 12. Bxc7 Qd7 13. Bf4 Rfc8 14. Qb3 Bd6 15. Ne5 Bxe5 16. dxe5 Nd2 17. Qc2 Nxf1 18. exf6 d4 19. Bxh7+ Kh8 20. fxg7+ Kxg7 21. Be5+ Kh6 22. Bf5 Rxc3 23. bxc3 Qd5 24. Bf4+ Kg7 25. e4 Qc4 26. Rxf1 dxc3 27. Rc1 Rd8 28. h3 f6 29. Qb3 Qe2 30. Qxc3 1-0

[Event "Madrid Oliver Gonzalez Memorial 2nd"]
[Site "Madrid"]
[Date "2011.10.14"]
[Round "7"]
[White "Sanchez Lopez, Maria"]
[Black "Fuentes Arjona, Antonio C"]
[Result "0-1"]
[WhiteElo "1711"]
[BlackElo "2001"]
[PlyCount "76"]
[EventDate "2011.10.08"]
[EventType "swiss"]
[EventRounds "9"]
[EventCountry "ESP"]
[SourceTitle "CBM 144 Extra"]
[Source "ChessBase"]
[SourceDate "2011.10.28"]
[SourceVersion "1"]
[SourceVersionDate "2011.10.28"]
[SourceQuality "1"]

1. d4 d5 2. c4 c6 3. Nf3 Nf6 4. Nc3 dxc4 5. a4 g6 6. e4 Bg4 7. Be3 Qa5 8. h3 Bxf3 9. Qxf3 b5 10. Bd2 b4 11. Nb1 Qb6 12. Qe3 a5 13. Bxc4 Bg7 14. 0-0 0-0 15. Rd1 Nbd7 16. Bc1 e5 17. d5 cxd5 18. Bxd5 Nxd5 19. Rxd5 Qxe3 20. Bxe3 Nf6 21. Rxe5 Ng4 22. Rc5 Nxe3 23. fxe3 Rfc8 24. Rxc8+ Rxc8 25. Nd2 Bxb2 26. Rb1 Bc1 27. Nb3 Bxe3+ 28. Kf1 Bb6 29. Rc1 Rxc1+ 30. Nxc1 Kf8 31. Ke2 Ke7 32. g4 Ke6 33. Nb3 Ke5 34. Kf3 g5 35. Nd2 Kd4 36. e5 Kd3 37. Ne4 b3 38. Nxg5 b2 0-1

[Event "Tres Cantos op 3rd"]
[Site "Tres Cantos"]
[Date "2011.06.28"]
[Round "7"]
[White "Fernandez Garcia, Ignacio"]
[Black "Sanchez Lopez, Maria"]
[Result "1/2-1/2"]
[WhiteElo "1923"]
[BlackElo "1679"]
[PlyCount "115"]
[EventDate "2011.06.22"]
[EventType "swiss"]
[EventRounds "9"]
[EventCountry "ESP"]
[SourceTitle "EXT 2012"]
[Source "ChessBase"]
[SourceDate "2011.11.24"]
[SourceVersion "1"]
[SourceVersionDate "2011.11.24"]
[SourceQuality "1"]

1. e4 e6 2. d4 d5 3. Nd2 Nf6 4. e5 Nfd7 5. Bd3 c5 6. c3 Nc6 7. Ne2 cxd4 8. cxd4 f6 9. Nf4 Nxd4 10. Qh5+ Ke7 11. Bxh7 Nxe5 12. 0-0 Qe8 13. Qxe8+ Kxe8 14. Bb1 Bd6 15. h3 g5 16. Ng6 Nxg6 17. Bxg6+ Ke7 18. Bd3 g4 19. hxg4 Bd7 20. f4 Bc5 21. g3 Nc2+ 22. Kg2 Nxa1 23. Nf3 Ba4 24. b3 Nxb3 25. axb3 Bxb3 26. Re1 a5 27. Bb2 d4 28. Be4 Rab8 29. g5 Kf7 30. gxf6 Rhd8 31. Rh1 Rh8 32. Ne5+ Kxf6 33. Nd7+ Ke7 34. Rxh8 Rxh8 35. Nxc5 a4 36. Bxb7 Rb8 37. Be4 Bd5 38. Ba3 Bxe4+ 39. Nxe4+ Kf7 40. Nd2 Rc8 41. Ne4 Rc2+ 42. Kf3 d3 43. Ng5+ Kf6 44. Ke3 d2 45. Ke2 Kf5 46. Kd1 Rc3 47. Bb4 Rxg3 48. Kxd2 Rb3 49. Bc3 a3 50. Kc2 Rb7 51. Be5 a2 52. Nf3 Rh7 53. Nd4+ Ke4 54. Nb3 Rh1 55. Kb2 Rh2+ 56. Ka3 Kd5 57. Nc1 Rh5 58. Kxa2 1/2-1/2

[Event "Madrid Oliver Gonzalez Memorial 1st"]
[Site "Madrid"]
[Date "2010.10.16"]
[Round "8"]
[White "Sanchez Lopez, Maria"]
[Black "Suarez Prieto, Leopoldo"]
[Result "1-0"]
[WhiteElo "1574"]
[BlackElo "1815"]
[PlyCount "125"]
[EventDate "2010.10.09"]
[EventType "swiss"]
[EventRounds "9"]
[EventCountry "ESP"]
[SourceTitle "CBM 138 Extra"]
[Source "ChessBase"]
[SourceDate "2010.10.29"]
[SourceVersion "1"]
[SourceVersionDate "2010.10.29"]
[SourceQuality "1"]

1. c4 e5 2. g3 Bc5 3. Bg2 Nc6 4. Nc3 a6 5. Nf3 d6 6. d3 h6 7. 0-0 Be6 8. a3 Qd7 9. b4 Ba7 10. Bb2 Rb8 11. Qa4 Nce7 12. b5 Nf6 13. Rfc1 g5 14. Nd2 h5 15. Nde4 Ng4 16. h3 f5 17. hxg4 fxe4 18. Nxe4 0-0 19. gxh5 Nf5 20. c5 dxc5 21. Nxc5 Bxc5 22. Rxc5 axb5 23. Qxb5 c6 24. Qb4 Bd5 25. Bxd5+ cxd5 26. Bxe5 Rbe8 27. Rc7 Qe6 28. f4 Rc8 29. Qxb7 Rxc7 30. Qxc7 Rf7 31. Qd8+ Rf8 32. Qxg5+ Kf7 33. Qg6+ Qxg6 34. hxg6+ Kxg6 35. Kf2 Re8 36. Rb1 Re6 37. a4 d4 38. a5 Kh5 39. Rb5 Kg4 40. Rb6 Re8 41. a6 Rc8 42. a7 Nxg3 43. Bc7 Nf5 44. Rb8 Rxc7 45. a8Q Kxf4 46. Qf3+ Kg5 47. Rg8+ Rg7 48. Qg2+ Kf6 49. Rxg7 Nxg7 50. Qc6+ Ne6 51. Kf3 Ke5 52. Qe8 Kd5 53. e4+ Ke5 54. Kg4 Kd6 55. Qb8+ Ke7 56. Kf5 Kd7 57. Kf6 Nc5 58. e5 Na6 59. Qb7+ Nc7 60. e6+ Kd6 61. Qb6+ Kd5 62. Kf7 Na8 63. Qb7+ 1-0